Statistiques concernant Opéras de Wagner

Cliquez ici pour prendre le quiz!

Statistiques générales

  • Ce quiz a été pris 96 fois
  • Le résultat moyen est 9 sur 13

Statistiques - réponses

Date de compositionOpéra% Correct
1848-1874L'Or du Rhin
86%
1865-1882Parsifal
86%
1857-1859Tristan et Isolde
79%
1848-1874La Walkyrie
78%
1845-1848Lohengrin
78%
1848-1874Siegfried
77%
1845Tannhäuser
77%
1848-1874Le Crépuscule des dieux
71%
1840-1841Le Vaisseau fantôme
71%
1845-1867Les Maîtres chanteurs de Nuremberg
64%
1837-1840Rienzi
49%
1833-1834Les Fées
40%
1834-1840La Défense d'aimer
22%

Distribution des résultats

Percentile par nombre de réponses

% des personnes avec chaque résultat

Votre développement - résultats

Vous n’avez pas pris ce quiz